What your favorite Genshin Impact Character says about you. - Statistics

General Stats
  • This quiz has been taken 10 times
  • The average score is 24 of 66
Answer Stats
Hint Answer % Correct
You are still a fan of The Little Mermaid. Sangonomiya Kokomi
100%
You are a pirate. Beidou
86%
You like cat girls? Dehya
86%
If you could marry Batman. Diluc
86%
You're either a fan of Gordon Ramsay, devil cosplay, or the 2nd hit of their normal attack combo. Escoffier
86%
You want to reenact the wet feet meme in a more ... creative way. Kamisato Ayaka
86%
You like cat girls. Kirara
86%
You've seen way too many beach episodes in anime. Mualani
86%
You like shy girls, so you're angry about their new VA. Sucrose
86%
You either like cowgirls or Sonic, or hate heels. Varesa
86%
You find a Chinese dress sexy, and want a woman who can cook. Xiangling
86%
She can make any toy you two need. Aino
71%
You either abstain for s**, or your into nuns. Barbara
71%
You've played Assassin's Creed Origins, and you like dad jokes. Cyno
71%
You like cat girls :(. Diona
71%
You watched My Deer Friend Nokotan and want to see how Nokotan looks when she grows up. Lauma
71%
You're either more interested in their money, or your a lesbian. Ningguang
71%
You've seen Rascal Does Not Dream of Bunny Girl Senpai, so the ears alone do it for you. Amber
57%
Whose your daddy? Arlecchino
57%
You care about how someone smells. Emilie
57%
When she says "In your dreams" you hope she means it. Yumemizuki Mizuki
57%
You either want milk, or to choke to death on dat a**. Ganyu
43%
You've watched Naruto. Kuki Shinobu
43%
Maxor: "My girl a ten, but she is 10". Nahida
43%
You live with a s** doll, this won't be that different. Raiden Shogun
43%
You like vampires and this is the closest you're going to get. Rosaria
43%
You like when they call you a tiger in bed. Xilonen
43%
You want to see them backstage too. Yun Jin
43%
It's not gay if it's clay. Albedo
29%
You like MILFs. Alice
29%
Your favorite Avenger is Captain America Candace
29%
You like a powerful woman? Columbina
29%
Your a furry and you're bi. Gorou
29%
You're into cybers**, and maids. Ineffa
29%
You like both scars on their body and barely legal women. Jeht
29%
You're a Beyblade fan. Kachina
29%
You will make sure to visit every day Katheryne
29%
You're a gamer, but only play on old arcade machines. Kinich
29%
You "love" kids. (Read: You have a problem) Klee
29%
You like the stereotype where they look like an edgelord but are anything but. Ororon
29%
You are a Necrophile. Qiqi
29%
You want a threesome with twins. Traveler
29%
You like the brainy type, but also like to be insulted. (Probably why you're still doing this quiz) Alhaitham
14%
You ... and I'm just guessing ... like big a**es. Eula
14%
Your too into fantasy h*****. Lisa
14%
Your a furry, but you're also into cosplay. Sayu
14%
You are always on the bottom, but without a choice. Wanderer
14%
You want to see them backstage. Xin Yan
14%
You...are...confused. Arataki Itto
0%
Your into older women. Barbeloth
0%
You are always on the bottom, but by choice. Chiori
0%
You like shy girls, and you may end up starting a threesome. Collei
0%
You live with a s** doll, and you want to make them a real girl. Ei
0%
You're a fan of Megumin from Konosuba. Fischl
0%
Must protec. Furina
0%
You wonder if that are is just for show. Jahoda
0%
You'd like a 20-22 year old Asuna. Jean
0%
You changed sides as soon as you heard their voice. Kaeya
0%
You want to take the saying "Ruffle their feathers" literally. Kujou Sara
0%
You like Melia and/or Eunice from Xenoblade. Linnea
0%
You like shy girls. Nicole
0%
You like a powerful man. Rerir
0%
You'd like a 30-40 year old Kirito. Varka
0%
You know Astolfo from the Fate series and you're OK with it. Venti
0%
Your a furry, but you like the personality more. Yae Miko
0%
You love kids. Yoimiya
0%
No matching quizzes found
Score Distribution
Percent of People with Each Score
Percentile by Number Answered
Your Score History
You have not taken this quiz